<?xml version="1.0" encoding="UTF-8"?><?xml-stylesheet type="text/xsl" href="static/style.xsl"?><OAI-PMH xmlns="http://www.openarchives.org/OAI/2.0/" xmlns:xsi="http://www.w3.org/2001/XMLSchema-instance" xsi:schemaLocation="http://www.openarchives.org/OAI/2.0/ http://www.openarchives.org/OAI/2.0/OAI-PMH.xsd"><responseDate>2026-06-03T22:43:36Z</responseDate><request verb="GetRecord" identifier="oai:riuma.uma.es:10630/28826" metadataPrefix="marc">https://riuma.uma.es/rest/oai/request</request><GetRecord><record><header><identifier>oai:riuma.uma.es:10630/28826</identifier><datestamp>2026-02-03T10:56:38Z</datestamp><setSpec>com_10630_2254</setSpec><setSpec>col_10630_37953</setSpec></header><metadata><record xmlns="http://www.loc.gov/MARC21/slim" xmlns:dcterms="http://purl.org/dc/terms/" xmlns:doc="http://www.lyncode.com/xoai" xmlns:xsi="http://www.w3.org/2001/XMLSchema-instance" xsi:schemaLocation="http://www.loc.gov/MARC21/slim http://www.loc.gov/standards/marcxml/schema/MARC21slim.xsd">
   <leader>00925njm 22002777a 4500</leader>
   <datafield ind2=" " ind1=" " tag="042">
      <subfield code="a">dc</subfield>
   </datafield>
   <datafield ind2=" " ind1=" " tag="720">
      <subfield code="a">Simancas-González, Esther</subfield>
      <subfield code="e">author</subfield>
   </datafield>
   <datafield ind2=" " ind1=" " tag="720">
      <subfield code="a">García-López, Marcial</subfield>
      <subfield code="e">author</subfield>
   </datafield>
   <datafield ind2=" " ind1=" " tag="260">
      <subfield code="c">2022-02-04</subfield>
   </datafield>
   <datafield ind2=" " ind1=" " tag="520">
      <subfield code="a">Esta investigación tiene el objeto de comprobar y discutir el sentido y papel que se le otorga a la gestión de la comunicación&#xd;
en la Universidad pública en España, tanto desde la actual investigación académica como desde la praxis profesional. Por ello, se ha&#xd;
realizado una revisión de la producción académica especializada de los últimos años y se han llevado a cabo entrevistas cualitativas a&#xd;
los Directores de Comunicación de las universidades públicas.&#xd;
Los resultados evidencian la ausencia de investigaciones específicas sobre la comunicación en las universidades de titularidad pública en España, a la vez que muestran que tanto en el plano académico como en el del&#xd;
ejercicio profesional se otorga una excesiva atención a preocupaciones instrumentales de orden pragmático.&#xd;
Por lo que se identifica la necesidad de abrir una línea de investigación centrada en la comunicación de la&#xd;
Universidad pública, de corte crítico-social y de carácter cualitativo; asimismo, se apunta la posibilidad de&#xd;
diseñar y ejecutar una comunicación institucional para una resignificación social de la Universidad pública en&#xd;
un proceso activo de diálogo.</subfield>
   </datafield>
   <datafield ind1="8" ind2=" " tag="024">
      <subfield code="a">Simancas-González E. y García-López M. (2022). La comunicación de las universidades públicas españolas: situación actual y nuevos desafíos. Estudios sobre el Mensaje Periodístico, 28(1), 217-226.</subfield>
   </datafield>
   <datafield ind1="8" ind2=" " tag="024">
      <subfield code="a">https://hdl.handle.net/10630/28826</subfield>
   </datafield>
   <datafield ind1="8" ind2=" " tag="024">
      <subfield code="a">10.5209/esmp.76011</subfield>
   </datafield>
   <datafield tag="653" ind2=" " ind1=" ">
      <subfield code="a">Divulgación científica</subfield>
   </datafield>
   <datafield ind2="0" ind1="0" tag="245">
      <subfield code="a">La comunicación de las universidades públicas españolas: situación actual y nuevos desafíos</subfield>
   </datafield>
</record>
</metadata></record></GetRecord></OAI-PMH>